NEW SCIENTIST (Record no. 7263)

MARC details
000 -LEADER
fixed length control field 00662nam a2200145Ia 4500
022 ## - INTERNATIONAL STANDARD SERIAL NUMBER
ISSN 0028-6664
245 #0 - TITLE STATEMENT
Title NEW SCIENTIST
260 ## - PUBLICATION, DISTRIBUTION, ETC. (IMPRINT)
Name of publisher New Science Publications, New York
Place of publication USA
310 ## - CURRENT PUBLICATION FREQUENCY
Current publication frequency W
500 ## - GENERAL NOTE
General note Ending Volume & Year: 129, 1991
500 ## - GENERAL NOTE
General note Missing Volume: 37(586);41;45(684);47(706-707);48;55(806,809,812);56(814-815,820);62-64;67(959);69(983,986,992-993);74;77-80;90(1248)94(1306);99(1375);102;103(1422);106(1452);108(1479);109(1499);110;114(1564,1566);115(1569-1572),1589);118(1675);119(1624);120(1634);121(1646);124;125(1661-1714)
500 ## - GENERAL NOTE
General note Starting Volume & Year: 25, 1965
942 ## - ADDED ENTRY ELEMENTS (KOHA)
Koha item type Bound Journal
Holdings
Withdrawn status Lost status Damaged status Not for loan Home library Current library Date acquired Accession Number Koha item type
      Bound journals RRII Library RRII Library 31/12/2021 07231J Bound Journal